书目信息 |
| 题名: |
日本科技政策
|
|
| 作者: | 乾侑 著 ;葛化东 译 | |
| 分册: | ||
| 出版信息: | 北京 科学技术文献出版社 1987 |
|
| 页数: | 332页 | |
| 开本: | 19cm | |
| 丛书名: | 科技政策与管理译丛 | |
| 单 册: | ||
| 中图分类: | N013.13 | |
| 科图分类: | ||
| 主题词: | 科技政策--日本 , 科技政策 , 自然科学--科学研究--方针政策 , 自然科学--科学研究--方针 , 科学技术方针 , 自然科学--科学研究--法令 , 自然科学--科学研究--政策 | |
| 电子资源: | ||
| ISBN: | ||
| 000 | 00981nam2 2200349 45 | |
| 001 | 0187001896 | |
| 005 | 20040514091526.9 | |
| 010 | @dCNY2.40 | |
| 091 | @a17176.519 | |
| 100 | @a19900808d1987 kemy0chiy0121 ea | |
| 101 | 1 | @achi@cjpn |
| 102 | @aCN@b110000 | |
| 105 | @ak z 000yy | |
| 106 | @ar | |
| 200 | 10 | @a日本科技政策@Ari ben ke ji zheng ce@f(日)乾侑著@g葛化东译 |
| 210 | @a北京@c科学技术文献出版社@d1987 | |
| 215 | @a332页@c表@d19cm | |
| 225 | 2 | @a科技政策与管理译丛 |
| 410 | 0 | @120010@a科技政策与管理译丛 |
| 606 | @a科技政策@y日本 | |
| 606 | 0 | @a科技政策 |
| 606 | 0 | @a自然科学@x科学研究@x方针政策 |
| 606 | 0 | @a自然科学@x科学研究@x方针 |
| 606 | 0 | @a科学技术方针 |
| 606 | 0 | @a自然科学@x科学研究@x法令 |
| 606 | 0 | @a自然科学@x科学研究@x政策 |
| 690 | @aN013.13 | |
| 701 | 0 | @a乾侑@Aqian you@4著 |
| 702 | 0 | @a葛化东@Age hua dong@4译 |
| 801 | 0 | @aCN@b深圳图书馆@c20040514 |
| 801 | 2 | @aCN@bNLC@c20040514 |
| 905 | @f2@b205109-110@dN013.13@e52 | |
| 日本科技政策/(日)乾侑著/葛化东译.-北京:科学技术文献出版社,1987 |
| 332页:表;19cm.-(科技政策与管理译丛) |
| ISBN :CNY2.40 |
| ● |
| 相关链接 |
|
|
|
|
正题名:日本科技政策
索取号:N013.13/52
 
预约/预借
| 序号 | 登录号 | 条形码 | 馆藏地/架位号 | 状态 | 备注 |
| 1 | 0205109 | 000563606 | 第三借阅区/ [索取号:N013.13/52] | 在馆 | |
| 2 | 0205110 | 000563580 | 第三借阅区/ [索取号:N013.13/52] | 在馆 | |
| 3 | 0205111 | 000563599 | 第二样本阅览室/ [索取号:N013.13/52] | 在馆 |